000 01231cam a22003377a 4500
003 CHAP
005 20220329141108.0
008 971013s1997 r 00010 d
010 _a62504
011 _a63476
035 _a67652
040 _cCHAP
090 _aTesis
100 0 0 _aMolina Espino, Jesús Alberto.
_977346
245 0 _aElaboración de un sistema de experimentos para la asignatura de química III de la Preparatoria Agrícola de la Universidad Autónoma Chapingo
260 _aCamaguey, Cuba :
_bEl autor,
_c1997
300 _a93 h.
_b; anexo
502 _aTesis (Master en Enseñanza de la Química) -- Universidad de Camaguey
590 _aALEPH
_b10
_c20130110
_lUCH01
_h1345
590 _aBATCH-UPD
_b10
_c20130110
_lUCH01
_h0648
590 _aBATCH-UPD
_b10
_c20130410
_lUCH01
_h0333
590 _aBATCH-UPD
_b10
_c20130914
_lUCH01
_h1237
590 _aCONVERSION
_b10
_c20130109
_lUCH01
_h1334
650 1 4 _aEducación
_xMetodología.
_935463
650 1 4 _aQuímica
_xEstudio y enseñanza.
_993559
650 1 4 _aQuímica
_xManuales de laboratorio.
_993567
901 _aBK
942 _cFOLL
949 _bBC
_cTES
_d-153029
_eTS1
_h31204
_i67652
_si
949 _bBC
_cTES
_d33724000635934
_eTS2
_fc.2
_h31205
_i67652
_si
999 _c62504
_d62504